000 00631nam a2200217 4500
003 LK-CoMWRAF
005 20231206143033.0
008 230924b1995 |||||||| |||| 00| 0 eng d
020 _a9559098195
040 _aLK-CoMWRAF
_dLK-CoMWRAF
_eLK-CoMWRAF
041 _aeng
082 _a922
_bABE
100 _a Abeyesekera, Kirthie
245 _aPiyadassi, The wandering monk:
_bhis life and times
260 _aColombo:
_bKarunaratne and Sons Ltd.,
_c[1995]
300 _axx, 200p ; 22 cm
_bIndex included
650 _aBUDDHIST MONKS
650 _aBiography-Buddhist monks
650 _aBuddhist monks--Discipline
942 _cBK
999 _c3646
_d3646